Normal view
MARC view
Entry Topical Term
001 - CONTROL NUMBER
- control field: 65821
003 - CONTROL NUMBER IDENTIFIER
- control field: OSt
005 - DATE AND TIME OF LATEST TRANSACTION
- control field: 20260128101050.0
008 - FIXED-LENGTH DATA ELEMENTS
- fixed length control field: 260128|| aca||aabn | a|a d
040 ## - CATALOGING SOURCE
- Original cataloging agency: OSt
- Transcribing agency: OSt
150 ## - HEADING--TOPICAL TERM
- Topical term or geographic name entry element: History
- Chronological subdivision: Economic History of Wetlet Township(1948-1974).
- Geographic subdivision: Myanmar
670 ## - SOURCE DATA FOUND
- Source citation: Work cat.: (OSt): Thi Thi Lwin. 4 PhD-Hist-10 65820, Economic History of Wetlet Township(1948-1974)., May,2013.